000 01107nam a2200301 i 4500
003 DO-SdBNP
005 20240628102037.0
007 ta
008 240610b2024 dr ||||| |||| 00| 0 spa d
020 _a9789945943153
040 _aDO-SdBNP
_bspa
_cBNPHU
_erda
082 4 _222
_a174.4
_bA473e
100 1 _aÁlvarez Troncoso, Claudia,
_eautora
_985617
245 1 0 _aÉticamente :
_bel camino hacia la integridad y el cumplimiento empresarial /
_cClaudia Álvarez Troncoso ; prólogo, Heiromy Castro Milanés
264 _aSanto Domingo :
_bFutura-RD,
_c2024.
300 _a106 páginas ;
_c23 cm.
336 _2rdacontent
_atexto
_btxt
337 _2rdamedia
_asin mediación
_bn
338 _2rdacarrier
_avolumen
_bnc
504 _aBibliografía : p.105-106
590 _aInventariado, 2024/BT
650 0 _aResponsabilidad social de la empresa
_985626
650 4 _aAdministración
_xAspectos morales y éticos
_985627
650 0 _aÉtica en los negocios
_935199
700 1 _aCastro Milanés, Heiromy,
_eprologuista
_985618
910 _aBtavárez/Validado. Control de calidad MFF
942 _2ddc
_cLBS1
999 _c56797
_d56797